000 00607nam a2200253 a 4500
001 nice12345678
003 IN_TiNIC
005 20260116011432.0
008 050524s1923 lona grp 000 0 eng
020 _a
_c100
082 0 0 _a297.0958
_bGIB
100 _aGibb, H A R
245 _aArab Conquest in Central Asia
260 _aLondon
_bRoyal Asiatic Society
_c1923
300 _a102p
500 _aincludes index and biblioraphy
505 2 _aBibliography
650 _aIslam-History
650 _aCentral Asia
700 1 _aGibb, H A R
902 _bSRS
942 _cBK
999 _c1507
_d1507